Highest Rated Kirby Games - Statistics

General Stats
  • This quiz has been taken 93 times
    76 since last reset
  • The average score is 6 of 9
Answer Stats
Console Score Answer % Correct
3DS 81 Kirby: Planet Robobot
83%
3DS 80 Kirby Triple Deluxe
78%
Wii 86 Kirby’s Epic Yarn
70%
GBA 80 Kirby and the Amazing Mirror
67%
DS 83 Kirby Mass Attack
65%
DS 86 Kirby: Canvas Curse
62%
Switch 85 Kirby and the Forgotten Land
60%
GBA 81 Kirby: Nightmare in Dreamland
50%
Wii 82 Kirby’s Dream Collection
38%
No matching quizzes found
Score Distribution
Percent of People with Each Score
Percentile by Number Answered
Your Score History
You have not taken this quiz since the last reset